Rossijskaja sfera NIOKR i ustanovki naučno-techničeskoj politiki.

Ekonomická reforma v Rusku vedie k ničeniu vedeckotechnického potenciálu krajiny. Rozhovor s vedúcim Správy ekonomického a právneho regulovania vedeckotechnického pokroku Ministerstva vedy, vysokých škôl a technickej politiky RF o stave a možnostiach vývoja vedeckotechnického potenciálu Ruska, o pri...

ver descrição completa

Na minha lista:
Detalhes bibliográficos
Autor principal: Jurlov, B.D
Formato: Capítulo de Livro
Idioma:russo
Assuntos:
Tags: Adicionar Tag
Sem tags, seja o primeiro a adicionar uma tag!

MARC

LEADER 00000naa a2200000 4500
001 r011319
005 20221130113238.2
041 0 |a rus 
044 |a [SU] 
245 1 0 |a Rossijskaja sfera NIOKR i ustanovki naučno-techničeskoj politiki.  |c B.D. Jurlov 
520 |a Ekonomická reforma v Rusku vedie k ničeniu vedeckotechnického potenciálu krajiny. Rozhovor s vedúcim Správy ekonomického a právneho regulovania vedeckotechnického pokroku Ministerstva vedy, vysokých škôl a technickej politiky RF o stave a možnostiach vývoja vedeckotechnického potenciálu Ruska, o prioritách štátnej vedeckotechnickej politiky, o reorganizácii a finančnom zabezpečení vedeckotechnickej sféry. 
610 2 0 |a politika vedeckotechnická 
610 2 0 |a rozvoj vedeckotechnický 
610 2 0 |a reformy hospodárske 
610 2 0 |a Rusko 
610 2 0 |a potenciál vedeckotechnický 
610 2 0 |a financovanie vedy 
100 1 |a Jurlov, B.D.